000 00292nam a2200121Ia 4500
008 220204s9999 xx 000 0 und d
082 _a633.61
_bKIN
100 _aKING, Norman J
245 0 _aManual of cane growing
260 _aNew York
_bElsevier
_c1965
650 _aSugarcane
942 _cBK
999 _c28745
_d28745